书目信息 |
| 题名: |
南京
|
|
| 作者: | 马伯伦 , 曹永林 , 韩品峥 编著 | |
| 分册: | ||
| 出版信息: | 北京 旅游教育出版社 2001.01 |
|
| 页数: | 157页, [1] 叶图版 | |
| 开本: | 19cm | |
| 丛书名: | 中国历史文化名城丛书 | |
| 单 册: | ||
| 中图分类: | K925.31 | |
| 科图分类: | ||
| 主题词: | ||
| 电子资源: | ||
| ISBN: | 7-5637-0902-9 | |
| 000 | 01015nam 2200277 450 | |
| 001 | 012008881485 | |
| 005 | 20080318090904.50 | |
| 010 | @a7-5637-0902-9@dCNY11.00 | |
| 100 | @a20080318d2001 km y0chiy0120 ea | |
| 101 | 0 | @achi |
| 102 | @aCN@b110000 | |
| 105 | @aahf z 000yy | |
| 106 | @ar | |
| 200 | 1 | @a南京@Anan jing@f马伯伦, 曹永林, 韩品峥编著@Fma bo lun,cao yong lin,han pin zheng bian zhu |
| 210 | @a北京@c旅游教育出版社@d2001.01 | |
| 215 | @a157页, [1] 叶图版@c图, 摹真@d19cm | |
| 225 | 2 | @a中国历史文化名城丛书@Azhong guo li shi wen hua ming cheng cong shu |
| 330 | @a本书包括"山河壮美 龙蟠虎踞"、"十朝都会 风采长存"、"名人辈出 群星璀璨"、"文物荟萃 馆所林立"、"旅游胜地 古城新姿"5部分内容。 | |
| 410 | 0 | @12001 @a中国历史文化名城丛书 |
| 607 | 0 | @a南京市@Anan jing shi@x概况 |
| 690 | @aK925.31@v4 | |
| 701 | 0 | @a马伯伦@Ama bo lun@4编著 |
| 701 | 0 | @a曹永林@Acao yong lin@4编著 |
| 701 | 0 | @a韩品峥@Ahan pin zheng@4编著 |
| 801 | 0 | @aCN@bQSSK@c20080318 |
| 905 | @b20286563-65@dK925.31@eM014@f3 | |
| 南京/马伯伦, 曹永林, 韩品峥编著.-北京:旅游教育出版社,2001.01 |
| 157页, [1] 叶图版:图, 摹真;19cm.-(中国历史文化名城丛书) |
| ISBN 7-5637-0902-9:CNY11.00 |
| 本书包括"山河壮美 龙蟠虎踞"、"十朝都会 风采长存"、"名人辈出 群星璀璨"、"文物荟萃 馆所林立"、"旅游胜地 古城新姿"5部分内容。 |
| ● |
| 相关链接 |
|
|
|
正题名:南京
索取号:K925.31/M014
 
预约/预借
| 序号 | 登录号 | 条形码 | 馆藏地/架位号 | 状态 | 备注 |
| 1 | 286563 | 202865630 | 社科库309/309社科库 14排2列4层/ [索取号:K925.31/M014] | 在馆 | |
| 2 | 286564 | 202865649 | 社科库309/309社科库 14排2列4层/ [索取号:K925.31/M014] | 在馆 | |
| 3 | 286565 | 202865658 | 社科库309/309社科库 14排2列4层/ [索取号:K925.31/M014] | 在馆 |